Pensez-vous être Français ? Mort Subite - Statistiques

Statistiques générales
  • Ce quiz a été pris 128 fois
  • Le résultat moyen est 3 sur 11
Answers on the Grid
Answers color-coded by a green-red scale on the quiz's grid according to % correct below.
Le coq gaulois est l'emblème officiel de la France
La Marseillaise comporte 7 couplets officiels
Le Mont-Blanc est le point culminant de l'Union Européenne
Le pain de tradition française doit respecter un décret de loi
La France a des frontières avec 11 pays
L'Alsace est revenue à la France après la Première Guerre mondiale
Le "tu" est autorisé dans les textes officiels de la République française
La France est le premier producteur mondial de vin
Le Louvre est le musée d'art le plus visité au monde
Le département 20 correspond à la Corse
La langue bretonne est une langue officielle de France
Astérix est apparu avant Tintin
En France, les femmes vivent en moyenne plus de 85 ans
La France est le 2e pays le plus peuplé de l'Union européenne
La Tour Eiffel est peinte en trois nuances différentes de la même couleur
En France, il y a eu plus de naissances en 2025 qu'en 2010
La France est le plus grand pays de l'Union européenne en superficie
La France a plus de 1 200 variétés de fromages différentes
La fumée blanche qui sort des centrales nucléaires françaises est radioactive
Le 14 juillet commémore la prise de la Bastille
 
Statistiques - réponses
Réponse % Correct
Vrai Le Mont-Blanc est le point culminant de l'Union Européenne
70%
En comptant les DROM-COM (Brésil, Surinam...). La France a des frontières avec 11 pays
39%
En 1918 L'Alsace est revenue à la France après la Première Guerre mondiale
37%
Oui, 7 couplets La Marseillaise comporte 7 couplets officiels
36%
Et oui! Le Louvre est le musée d'art le plus visité au monde
36%
Le décret "pain de tradition" de 1993 interdit les additifs. Le pain de tradition française doit respecter un décret de loi
35%
La France représente 15% de la population de l'UE et en est le deuxième pays le plus peuplé derrière l'Allemagne La France est le 2e pays le plus peuplé de l'Union européenne
16%
Chiffre régulièrement cité et vérifié La France a plus de 1 200 variétés de fromages différentes
13%
L'espérance de vie à la naissance s'établit à 85,9 ans pour les femmes. En France, les femmes vivent en moyenne plus de 85 ans
12%
Plus foncée en bas, plus claire en haut pour l'illusion optique. La Tour Eiffel est peinte en trois nuances différentes de la même couleur
8%
La France a une superficie de 547 000 km², ce qui en fait le plus grand pays de l'UE La France est le plus grand pays de l'Union européenne en superficie
6%
Aucun quiz correspondant
Distribution des résultats
% des personnes avec chaque résultat
Percentile par nombre de réponses
Votre historique - résultats
Vous n’avez pas pris ce quiz